Estadísticas para Ciudades españolas en francés

Haz click aquí para tomar la prueba!

Estadísticas generales

  • Esta prueba ha sido tomada 122 veces
  • La puntuación promedio es 7 de 12

Estadísticas de respuestas

en españolen francés% Correcto
SevillaSéville
100%
BarcelonaBarcelone
93%
ValenciaValence
74%
MurciaMurcie
73%
GranadaGrenade
64%
SalamancaSalamanque
64%
ZaragozaSaragosse
53%
CórdobaCordoue
36%
La CoruñaLa Corogne
36%
CádizCadix
33%
PamplonaPampelune
33%
CartagenaCarthagène
23%

Distribución de puntuación

Porcentaje por número respondido

Porcentaje de gente con cada puntuación

Historial de tus puntuaciones

No has tomado esta prueba